Visiones del desarrollo en América Latina (Registro nro. 4086)
[ vista simple ]
| 000 -LEADER | |
|---|---|
| fixed length control field | 02446 a2200241 4500 |
| 001 - CONTROL NUMBER | |
| control field | 45957 |
| 005 - DATE AND TIME OF LATEST TRANSACTION | |
| control field | 20260407155732.0 |
| 008 - FIXED-LENGTH DATA ELEMENTS--GENERAL INFORMATION | |
| fixed length control field | 260407a2007 arg spa d |
| 003 - CONTROL NUMBER IDENTIFIER | |
| control field | AR-UNSa-BCEJYS |
| 040 ## - CATALOGING SOURCE | |
| Original cataloging agency | AR-UNSa-BCEJYS |
| Language of cataloging | spa |
| Transcribing agency | AR-UNSa-BCEJYS |
| 080 ## - UNIVERSAL DECIMAL CLASSIFICATION NUMBER | |
| Universal Decimal Classification number | 330.34 |
| Common auxiliary subdivision | Desarrollo Económico |
| 020 ## - INTERNATIONAL STANDARD BOOK NUMBER | |
| International Standard Book Number | 978-84-87072-82-6 |
| 041 ## - LANGUAGE CODE | |
| Language code of text/sound track or separate title | spa |
| 100 1# - MAIN ENTRY--PERSONAL NAME | |
| Personal name | Serra, Narcís |
| 245 10 - TITLE STATEMENT | |
| Title | Visiones del desarrollo en América Latina |
| 264 #1 - PRODUCTION, PUBLICATION, DISTRIBUTION, MANUFACTURE, AND COPYRIGHT NOTICE | |
| Place of production, publication, distribution, manufacture | Santiago de Chile : |
| Name of producer, publisher, distributor, manufacturer | CEPAL (Comisión Económica para América Latina y el Caribe) |
| Date of production, publication, distribution, manufacture, or copyright notice | 2007 |
| 300 ## - PHYSICAL DESCRIPTION | |
| Extent | 556 p. |
| Dimensions | 23 cm. |
| 505 ## - FORMATTED CONTENTS NOTE | |
| Formatted contents note | 1. Crecimiento lento en América Latina: ¿resultados comunes, causas comunes? / Ricardo Hausmann y Andrés Velasco – 2. Instituciones democráticas, procesos de formulación de políticas y calidad de las políticas en América Latina / Ernesto Stein y Mariano Tommasi – 3. Instituciones políticas y desarrollo económico en las Américas: el largo plazo / Adam Przeworski y Carolina Curvale – 4. Reducción de la pobreza y la desigualdad en América Latina y el Caribe: promesas y retos para las políticas públicas / Jaime Saavedra y Omar S. Arias – 5. América Latina: la desigualdad y su disfuncionalidad / Nora Lustig – 6. Lareforma de las instituciones fiscales en América Latina / Eduardo Lora y Mauricio Cárdenas – 7. Estrategias reformistas: experiencias y lecciones / Eliana Cardoso – 8. Disciplina y comportamiento cíclico de las políticas macroeconómicas / Mario I Blejer – 9. ¿Un nuevo paradigma de disciplina macroeconómica en América Latina? / Martín P. Redrado – 10. Inserción internacional y políticas de desarrollo productivo / José Luis Machinea y Cecilia Vera – 11. El sector financiero en América Latina: ha llegado la hora de consolidar el marco institucional / Agustín G. Carstens y Moisés J. Schwarz – 12. El desarrollo económico en América Latina: grandes problemas emergentes, respuestas políticas limitadas / Augusto de la Torre, Juan Carlos Gozzi y Sergio L. Schmukler – 13. Políticas cambiarias en América Latina: modas, tendencias y decepciones / Sebastián Edwards – 14. Regímenes cambiarios en el período 2000-2005: una perspectiva latinoamericana / Eduardo Levy Yeyati - |
| 590 ## - LOCAL NOTE (RLIN) | |
| Local note | niveau_biblio:m niveau_hierar:0 |
| 700 1# - ADDED ENTRY--PERSONAL NAME | |
| Personal name | Machinea, José Luis |
| 856 41 - ELECTRONIC LOCATION AND ACCESS | |
| Uniform Resource Identifier | <a href="https://www.biblioeco.unsa.edu.ar/pmb/images/libros/L127246.jpg">https://www.biblioeco.unsa.edu.ar/pmb/images/libros/L127246.jpg</a> |
| Link text | Imagen de portada |
| Electronic format type | image/jpeg |
| 942 ## - ADDED ENTRY ELEMENTS (KOHA) | |
| Koha item type | |
| Withdrawn status | Lost status | Damaged status | Not for loan | Home library | Current library | Shelving location | Date acquired | Total checkouts | Full call number | Barcode | Date last seen | Price effective from | Koha item type |
|---|---|---|---|---|---|---|---|---|---|---|---|---|---|
| Biblioteca Prof. Eusebio Cleto del Rey | Biblioteca Prof. Eusebio Cleto del Rey | 07/04/2026 | 330.34 M149 | L127246 | 07/04/2026 | 07/04/2026 | Libro |